000
00274nam a22001217a 4500
003
SGT
082
_a
658
_b
KIM
100
_a
KIMBALL, DAVID C.
245
_a
ENTREPRENEURSHIP SKILLS FOR NEW VENTURES
260
_a
LONDON
_b
ROUTLEDGE
_c
2021
300
_a
449
942
_2
ddc
_c
BK
999
_c
23655
_d
23655